| 000 | 00735nam a2200253Ia 4500 | ||
|---|---|---|---|
| 003 | OSt | ||
| 005 | 20221002051221.0 | ||
| 006 | a|||||r|||| 00| 0 | ||
| 007 | ta | ||
| 008 | 220930b |||||||| |||| 00| 0 eng d | ||
| 024 | _a22838 | ||
| 037 | _cReference Collections | ||
| 040 |
_aCRL _cCRL _beng |
||
| 041 |
_2eng _aeng |
||
| 082 | _aV3:19(zD)k, M2(RR) | ||
| 100 |
_aBuranelli Vincent _986128 |
||
| 245 | 0 |
_aSpy/Counter spy _b A encyclopedia of espionage |
|
| 260 |
_aLondon _bMcGraw Hill _c1982 |
||
| 300 |
_a361p _ccm. |
||
| 650 | _aHISTORY | ||
| 700 |
_a Buranelli Nan _9572216 |
||
| 942 |
_hV3:19(zD)k, M2(RR) _cref _2CC |
||
| 999 |
_c916235 _d916235 |
||